Monnaies du monde 2 : Euros, couronnes et autres monnaies communes à plusieurs pays - Statistiques

Statistiques générales
  • Ce quiz a été pris 45 fois
  • Le résultat moyen est 19 sur 41
Statistiques - réponses
Monnaie Pays % Correct
Won Corée du Nord
83%
Won Corée du Sud
83%
Euro Allemagne
75%
Euro Andorre
65%
Couronne Suède
63%
Euro Belgique
60%
Couronne Norvège
60%
Leu Roumanie
60%
Euro Autriche
58%
Couronne Danemark
58%
Leu Moldavie
58%
Euro Espagne
53%
Euro Finlande
53%
Euro France
53%
Euro Estonie
50%
Euro Irlande
50%
Couronne Islande
48%
Euro Italie
48%
Euro Vatican
48%
Euro Chypre
45%
Euro Grèce
45%
Couronne République tchèque
45%
Livre Royaume Uni
45%
Euro Lettonie
43%
Euro Lituanie
43%
Euro Malte
43%
Euro Luxembourg
40%
Euro Monaco
40%
Euro Pays-Bas
40%
Euro Slovaquie
40%
Euro Slovénie
40%
Euro Kosovo
38%
Euro Portugal
38%
Euro Saint-Marin
38%
Livre Turquie
38%
Livre Egypte
35%
Euro Montenegro
33%
Livre Liban
25%
Livre Soudan
20%
Livre Soudan du sud
20%
Livre Syrie
13%
Aucun quiz correspondant
Distribution des résultats
% des personnes avec chaque résultat
Percentile par nombre de réponses
Votre historique - résultats
Vous n’avez pas pris ce quiz